Normal view MARC view

Entry Uniform Title

Number of records used in: 10

001 - CONTROL NUMBER

  • control field: 45799

003 - CONTROL NUMBER IDENTIFIER

  • control field: dpl

005 - DATE AND TIME OF LATEST TRANSACTION

  • control field: 20120426125043.0

008 - FIXED-LENGTH DATA ELEMENTS

  • fixed length control field: 120426|||a|||||| | ||| d

040 ## - CATALOGING SOURCE

  • Original cataloging agency: dpl
  • Transcribing agency: dpl

130 ## - HEADING--UNIFORM TITLE

  • Uniform title: शिक्षा के विविध आयाम

670 ## - SOURCE DATA FOUND

  • Source citation: Work cat.: (dpl): बधेका, गिजुभाई 45798, ऐसे हों शिक्षक /, 2001

670 ## - SOURCE DATA FOUND

  • Source citation: Work cat.: (dpl): बधेका, गिजुभाई 45798, ऐसे हों शिक्षक /, 2001

© Delhi Public Library
Hit Counter
free hit counter